Κατάλογος Βιβλιοθηκών Mediterranean College

Computation and Analysis of Surface Data Roughness on Weathered Stones/A Bachelor's Degree Thesis Submitted to the School of Computing, Mediterranean College, University of Derby (Record no. 8519)

MARC details
000 -LEADER
fixed length control field 01174cam a22001934a 4500
005 - ΗΜΕΡΟΜΗΝΙΑ ΚΑΙ ΩΡΑ ΤΕΛΕΥΤΑΙΑΣ ΕΝΗΜΕΡΩΣΗΣ
Πεδίο ελέγχου 20250605164338.0
008 - FIXED-LENGTH DATA ELEMENTS--GENERAL INFORMATION
Πεδίο ελέγχου σταθερού μήκους 250528s ||||||||||||||||||||||||d
035 ## - SYSTEM CONTROL NUMBER
System control number 23514
040 ## - ΠΗΓΗ ΚΑΤΑΛΟΓΟΓΡΑΦΗΣΗΣ
Φορέας πρωτότυπης καταλογογράφησης MC Athens Campus Library
Γλώσσα καταλογογράφησης Ελληνικά, Μοντέρνα (1453-)
Modifying agency MC Athens Campus Library
Κανόνες περιγραφικής καταλογογράφησης AACR2
245 1# - ΤΙΤΛΟΣ ΚΑΙ ΔΗΛΩΣΗ ΥΠΕΥΘΥΝΟΤΗΤΑΣ
Τίτλος Computation and Analysis of Surface Data Roughness on Weathered Stones/A Bachelor's Degree Thesis Submitted to the School of Computing, Mediterranean College, University of Derby
260 ## - PUBLICATION, DISTRIBUTION, ETC.
Date of publication, distribution, etc. 2019
300 ## - PHYSICAL DESCRIPTION
Extent 48
520 ## - SUMMARY, ETC.
Summary, etc. Abstract, Acknowledgements, Introduction, Project Rationale, Project Aim and Objectives, Literature Review, Related Work, Research Methodology, Stone Erosion Causes, Accelerated Erosion Experimental Data, Stone Slabs in the Erosion Experiments, Measurement Techniques, Roughness Parameters, Roughness Computation, Limitatins, Findings and Analysis, Analysis, Sort by Sample Material, Sort by Erosion Method, Discussion, Data Analysis, Data Corruption or Untrustwortiness, Roughness Computation, Conclusions and Recommendations, Further Work, Bibliography, Appendices.
700 1# - ΠΡΟΣΘΕΤΗ ΑΝΑΓΡΑΦΗ--ΦΥΣΙΚΟ ΠΡΟΣΩΠΟ
Personal name Perakis Panagiotis
9 (RLIN) 9087
700 1# - ΠΡΟΣΘΕΤΗ ΑΝΑΓΡΑΦΗ--ΦΥΣΙΚΟ ΠΡΟΣΩΠΟ
Personal name Rousis Panagiotis
9 (RLIN) 9088
942 ## - ADDED ENTRY ELEMENTS (KOHA)
Koha item type Διπλωματική εργασία
Holdings
Τύπος τεκμηρίου Βιβλιοθήκη Τρέχουσα τοποθεσία Barcode Ημερομηνία απόκτησης Ταξιθετικό σύμβολο Αριθμός αντιτύπου Κατάσταση απόσυρσης Κατάσταση χαμένου Κατάσταση κατεστραμμένου Μη δανεισμός Σύνολο δανεισμών Ημερομηνία τελευταίας εμφάνισης Η τιμή ισχύει από
Διπλωματική εργασία MC Athens Campus Library MC Athens Campus Library 9780000085184 05/06/2025 COMP 2019 (31) 1           05/06/2025 05/06/2025

MC Athens Campus Library
Πατησίων 94 & Κοδριγκτώνος 13, 104 34
Πελλήνης 8 & Πατησίων 107, 112 51
Τ: +30 210 8899600

MC Thessaloniki Campus Library
Ίωνος Δραγούμη 21, 54625 | Ίωνος Δραγούμη 15, 54625
Τ: +30 2310 287779 – Τ: +30 2314 440300